[Event "World Rapid Women 2018"]
[Site "St Petersburg RUS"]
[Date "2018.12.27"]
[Round "6.40"]
[White "Strutinskaia, Galina"]
[Black "Kovanova, Baira"]
[Result "0-1"]
[WhiteTitle "WGM"]
[BlackTitle "WGM"]
[WhiteElo "2201"]
[BlackElo "2352"]
[WhiteFideId "4108558"]
[BlackFideId "4164083"]
[EventDate "2018.12.26"]

1. d4 Nf6 2. c4 e6 3. Nc3 Bb4 4. f3 O-O 5. a3 Bxc3+ 6. bxc3 d6 7. e4 e5 8. Bd3
c5 9. d5 Nh5 10. Ne2 Qh4+ 11. g3 Qh3 12. Kf2 b6 13. Qf1 Qd7 14. g4 Nf6 15. Bg5
Ne8 16. h4 f6 17. Be3 Qa4 18. Ng3 Qb3 19. Qe2 Qa4 20. Nf5 Kf7 21. Bc2 Qd7 22.
Bd2 g6 23. Ne3 Ke7 24. Rab1 Kd8 25. a4 Ng7 26. a5 Qc7 27. axb6 axb6 28. Ra1 Qb7
29. Rhb1 Rxa1 30. Rxa1 f5 31. exf5 gxf5 32. Nxf5 Nxf5 33. gxf5 Bxf5 34. Bg5+ Kc8
35. Bxf5+ Rxf5 36. Qe4 Qf7 37. Ra7 Qxa7 38. Qxf5+ Qd7 39. Qf8+ Kb7 40. Kg3 Na6
41. h5 Nc7 42. Qe7 Qf5 43. Qg7 Kc8 44. Qf6 Qd7 45. Kh4 b5 46. cxb5 Nxb5 47. c4
Nd4 48. Kg3 Ne2+ 49. Kf2 Nd4 50. h6 Qf5 51. Qxf5+ Nxf5 52. f4 e4 53. Ke2 Kd7 54.
Kf2 Ke8 55. Ke2 Kf7 56. Kf2 Kg6 57. Ke2 Nxh6 58. Ke3 Nf7 59. Be7 Kf5 60. Bf8 h6
61. Be7 h5 62. Bh4 Kg4 63. Kxe4 Kxh4 64. Kf5 Kg3 65. Ke6 Kxf4 66. Kxf7 Ke5 0-1

[Event "World Rapid Women 2018"]
[Site "St Petersburg RUS"]
[Date "2018.12.27"]
[Round "6.41"]
[White "Solozhenkina, Elizaveta"]
[Black "Tsatsalashvili, Keti"]
[Result "1-0"]
[WhiteTitle "WIM"]
[BlackTitle "WGM"]
[WhiteElo "2258"]
[BlackElo "2303"]
[WhiteFideId "34106615"]
[BlackFideId "13603434"]
[EventDate "2018.12.26"]

1. e4 c5 2. Nf3 d6 3. d4 cxd4 4. Nxd4 Nf6 5. f3 e5 6. Nb3 d5 7. Bg5 Be6 8. Bxf6
gxf6 9. exd5 Qxd5 10. Qxd5 Bxd5 11. Nc3 Bc6 12. O-O-O Nd7 13. Nb5 Bh6+ 14. Kb1
Ke7 15. Nd6 Bf8 16. Bc4 Rg8 17. Rhg1 Nb6 18. Bxf7 Rg7 19. Bh5 Rg5 20. Bg4 Nd5
21. h4 Rg8 22. Nf5+ Kf7 23. Rge1 Nf4 24. g3 h5 25. gxf4 hxg4 26. fxe5 fxe5 27.
fxg4 Rxg4 28. Rxe5 Re8 29. Rxe8 Bxe8 30. a3 Rf4 31. Nfd4 Rxh4 32. Rf1+ Kg8 33.
Ne6 Bh6 34. Rg1+ Kh7 35. Rd1 Rh2 36. Rd8 Bg6 37. Rd7+ Kg8 38. Nbd4 Be4 39. Nc5
Bg6 40. Rxb7 Bf7 41. Ncb3 Bg7 42. Nf5 Be5 43. Ne7+ Kf8 44. Nc8 Bg6 45. Na1 Bf7
46. Nb3 Bg6 47. Na1 Bf7 48. Rxf7+ Kxf7 49. Nxa7 Ke6 50. Nc6 Bf6 51. Nb3 Rh1+ 52.
Ka2 Rh2 53. Nb4 Kd6 54. a4 Rh4 55. c3 Rh2 56. Ka3 Be7 57. Nd4 Kc7 58. b3 Kb7 59.
Nc6 Bf6 60. Na5+ Kc8 61. Nd5 Bd8 62. Nc6 Bg5 63. b4 Rd2 64. c4 Rd3+ 65. Kb2 Bh6
66. a5 Bg7+ 67. Ka2 Kb7 68. Nd8+ Ka6 69. Ne6 Rd2+ 70. Kb3 Be5 71. Nc5+ Ka7 72.
b5 Rb2+ 73. Ka3 Rb1 74. b6+ Ka8 75. Nc7+ 1-0

[Event "World Rapid Women 2018"]
[Site "St Petersburg RUS"]
[Date "2018.12.27"]
[Round "6.42"]
[White "Kabanova, Ekaterina"]
[Black "Nomin-Erdene, Davaademberel"]
[Result "1-0"]
[WhiteTitle "WFM"]
[BlackTitle "IM"]
[WhiteElo "2095"]
[BlackElo "2376"]
[WhiteFideId "24112917"]
[BlackFideId "4900782"]
[EventDate "2018.12.26"]

1. c4 f5 2. e3 Nf6 3. Qc2 d6 4. d4 g6 5. Nf3 Bg7 6. Bd3 O-O 7. Nc3 Re8 8. d5 Na6
9. a3 Nc5 10. Be2 e5 11. dxe6 Bxe6 12. O-O a5 13. b3 h6 14. Bb2 c6 15. Rfd1 Qc7
16. b4 Na6 17. Na2 Rad8 18. Bc3 Qf7 19. Bb2 axb4 20. axb4 Nc7 21. Nd4 Bc8 22.
Nc3 Ne6 23. Nf3 Qc7 24. h3 Nf8 25. Ra7 Qb6 26. Ra4 Be6 27. Nd4 Bf7 28. Bf1 N8d7
29. Rda1 Ne5 30. b5 Rc8 31. bxc6 Nxc6 32. Ndb5 Ne5 33. Rd1 Red8 34. Na7 Nxc4 35.
Nxc8 Qxb2 36. Ne7+ Kf8 37. Qd3 Kxe7 38. Rxc4 Bxc4 39. Qxc4 Qb6 40. Rb1 Qc6 41.
Qb4 Kf8 42. Bb5 Qc5 43. Qb3 d5 44. Ne2 Ne4 45. Nf4 Rd6 46. Qa2 Nc3 47. Qa8+ Kf7
48. Qe8+ Kf6 49. Qxg6+ Ke7 50. Qxg7+ Kd8 51. Ra1 Qc8 52. Ra8 Qxa8 53. Ne6+ 1-0

[Event "World Rapid Women 2018"]
[Site "St Petersburg RUS"]
[Date "2018.12.27"]
[Round "6.43"]
[White "Chernyak, Viktoria"]
[Black "Shvayger, Yuliya"]
[Result "1/2-1/2"]
[WhiteTitle "WFM"]
[BlackTitle "IM"]
[WhiteElo "2186"]
[BlackElo "2393"]
[WhiteFideId "24165956"]
[BlackFideId "14100126"]
[EventDate "2018.12.26"]

1. Nf3 d5 2. d4 Nf6 3. c4 e6 4. e3 c5 5. cxd5 exd5 6. Be2 Nc6 7. O-O Be7 8. dxc5
Bxc5 9. Nbd2 O-O 10. Nb3 Bd6 11. Nbd4 Bg4 12. b3 Rc8 13. Bb2 Bb8 14. Rc1 Re8 15.
Re1 Ne4 16. g3 Qe7 17. Nxc6 bxc6 18. Qd4 f6 19. Rc2 Qf7 20. Rec1 Qh5 21. Qd1 c5
22. Nh4 Bxe2 23. Qxe2 Qg5 24. f4 Qh6 25. Qg4 g6 26. Rd1 Rcd8 27. Kg2 Bc7 28. Nf5
Qf8 29. Nd4 Qf7 30. Nb5 Bb6 31. Qf3 f5 32. Nc3 Nf6 33. Na4 Ng4 34. Re2 Qe7 35.
Rde1 Ba5 36. Bc3 Bxc3 37. Nxc3 Qe6 38. h3 Nf6 39. Rd1 Rd6 40. Red2 Red8 41. Rd3
Qd7 42. Kg1 h5 43. Qf2 Kh7 44. Qf3 Kh6 45. Kg2 Qc6 46. Kg1 R8d7 47. Kg2 Ne4 48.
Kg1 Qa8 49. g4 hxg4 50. hxg4 Kg7 51. Qg2 Nxc3 52. Rxc3 fxg4 53. Rxc5 Qe8 54. Qf2
Qe4 55. Rd4 Qe6 56. Rc3 Qf5 57. Kg2 Qh5 58. Qg3 Kf6 59. Rc1 Rh7 60. Rcd1 Ke6 61.
e4 Rc7 62. Rxd5 Rxd5 63. exd5+ Kd7 64. Kg1 Rc2 65. a4 Qf5 66. Qd3 Qxd3 67. Rxd3
Kd6 68. Rg3 Kxd5 69. Rxg4 Rc6 70. Kf2 Rb6 71. Ke2 Ke4 72. Kd2 Kf5 73. Rh4 Rxb3
74. Rh7 a6 75. Ra7 Rb6 76. Ke3 Kg4 77. Ke4 Rb4+ 78. Ke5 Rxa4 79. Rg7 Ra5+ 80.
Ke4 Kh5 81. Rh7+ Kg4 82. Rg7 Ra4+ 83. Ke5 Rxf4 84. Rxg6+ Kf3 85. Rxa6 1/2-1/2

[Event "World Rapid Women 2018"]
[Site "St Petersburg RUS"]
[Date "2018.12.27"]
[Round "6.44"]
[White "Nebolsina, Vera"]
[Black "Khomeriki, Nino"]
[Result "1-0"]
[WhiteTitle "WGM"]
[BlackTitle "WIM"]
[WhiteElo "2242"]
[BlackElo "2347"]
[WhiteFideId "4163591"]
[BlackFideId "13603191"]
[EventDate "2018.12.26"]

1. e4 e5 2. Nf3 Nc6 3. Nc3 Nf6 4. d4 exd4 5. Nxd4 Bb4 6. Nxc6 bxc6 7. Bd3 d5 8.
exd5 cxd5 9. O-O O-O 10. h3 c6 11. Qf3 Rb8 12. Ne2 Re8 13. Nd4 Bd7 14. Bf4 Rb6
15. c4 Ne4 16. cxd5 cxd5 17. Qh5 Rg6 18. Rad1 Qf6 19. Ne2 Bc6 20. Rc1 Bb7 21.
Rc7 Qb6 22. Qf5 Rf8 23. a3 Bd6 24. Rc2 Rf6 25. Qg4 h5 26. Qh4 Bxf4 27. Nxf4 g5
28. Qxh5 Rxf4 29. Bxe4 Rxe4 30. Qxg5+ Qg6 31. Qd2 d4 32. f3 Rh4 33. Rc5 f6 34.
Rc7 Rf7 35. Rfc1 Rxc7 36. Rxc7 Bxf3 37. Rc8+ Kg7 38. Rc7+ Kg8 39. Rc8+ Kf7 40.
Rc7+ Ke6 41. Qe1+ Re4 42. Qf1 Re1 43. Qxe1+ Be4 44. Qe2 d3 45. Qf2 Bxg2 46. Kh2
Qg5 47. Rc3 Be4 48. Rc4 Qe5+ 49. Qg3 Qxb2+ 50. Kg1 Qa1+ 51. Kf2 Qa2+ 52. Kg1
Qxc4 53. Qg8+ Ke5 54. Qxc4 Kf4 55. Kf2 f5 56. Qc7+ Kg5 57. Qg3+ Kf6 58. Ke3 a5
59. h4 Ke6 60. h5 Kd5 61. Qg8+ Kc5 62. h6 Kb5 63. h7 f4+ 64. Kxe4 d2 65. Qd5+
Ka4 66. h8=Q 1-0

[Event "World Rapid Women 2018"]
[Site "St Petersburg RUS"]
[Date "2018.12.27"]
[Round "6.45"]
[White "Lysenko, Margarita"]
[Black "Maltsevskaya, Aleksandra"]
[Result "0-1"]
[WhiteTitle "WFM"]
[BlackTitle "WGM"]
[WhiteElo "2190"]
[BlackElo "2243"]
[WhiteFideId "34100200"]
[BlackFideId "24174041"]
[EventDate "2018.12.26"]

1. c4 Nf6 2. Nf3 g6 3. g3 Bg7 4. Bg2 O-O 5. O-O d6 6. Nc3 e5 7. d3 Nc6 8. Bg5 h6
9. Bd2 Kh7 10. Rb1 a5 11. a3 Ne8 12. b4 axb4 13. axb4 f5 14. Ne1 Nf6 15. Nc2 Ne7
16. e3 g5 17. d4 Ng6 18. Qe2 Qe7 19. dxe5 dxe5 20. b5 Qf7 21. Nd5 Nxd5 22. Bxd5
Be6 23. e4 f4 24. f3 Rfd8 25. g4 Nh4 26. Be1 c6 27. bxc6 bxc6 28. Bxe6 Qxe6 29.
Bf2 Rd2 0-1

[Event "World Rapid Women 2018"]
[Site "St Petersburg RUS"]
[Date "2018.12.27"]
[Round "6.46"]
[White "Badelka, Olga"]
[Black "Makarenko, Alexandra"]
[Result "1-0"]
[WhiteTitle "WIM"]
[BlackTitle "WIM"]
[WhiteElo "2385"]
[BlackElo "2228"]
[WhiteFideId "13509926"]
[BlackFideId "4165055"]
[EventDate "2018.12.26"]

1. d4 Nf6 2. c4 c5 3. d5 e6 4. Nc3 exd5 5. cxd5 d6 6. e4 g6 7. f4 Bg7 8. Bb5+
Nfd7 9. Nf3 a6 10. Bd3 b5 11. O-O O-O 12. Qe1 Re8 13. Qg3 c4 14. Bc2 b4 15. Na4
Ra7 16. Be3 Rb7 17. Rae1 a5 18. Nd4 Qc7 19. h3 b3 20. Bb1 bxa2 21. Bxa2 Rxe4 22.
Nf3 Nf6 23. Nd2 Re8 24. Bxc4 Bd7 25. b3 Bxa4 26. bxa4 Rb2 27. Bb5 Nbd7 28. Qf3
Qc3 29. Nc4 Rxb5 30. Rc1 Qb3 31. axb5 Bf8 32. b6 a4 33. f5 a3 34. fxg6 hxg6 35.
Bd4 Qxf3 36. Rxf3 Nxd5 37. Rxa3 Nf4 38. Kf2 d5 39. Rf3 Ne6 40. Ne5 Nxd4 41. Nxd7
Nxf3 42. Nf6+ Kh8 43. Nxe8 Ne5 44. b7 Nd3+ 45. Kf1 1-0

[Event "World Rapid Women 2018"]
[Site "St Petersburg RUS"]
[Date "2018.12.27"]
[Round "6.47"]
[White "Afonasieva, Anna"]
[Black "Paramzina, Anastasya"]
[Result "0-1"]
[WhiteTitle "WFM"]
[BlackTitle "WGM"]
[WhiteElo "2207"]
[BlackElo "2229"]
[WhiteFideId "24173606"]
[BlackFideId "4165012"]
[EventDate "2018.12.26"]

1. d4 Nf6 2. Nf3 g6 3. g3 Bg7 4. Bg2 c5 5. d5 d6 6. Nc3 Qa5 7. O-O b5 8. a4 b4
9. Nb1 O-O 10. Nbd2 Ba6 11. Re1 Nbd7 12. e4 Rfe8 13. Bf1 Bxf1 14. Rxf1 Qa6 15.
Re1 c4 16. Nd4 c3 17. bxc3 bxc3 18. N2b3 Rac8 19. Nc6 e6 20. Nb4 Qb7 21. dxe6
Rxe6 22. Nd5 Nxd5 23. exd5 Rxe1+ 24. Qxe1 Qxd5 25. Ba3 Ne5 26. Qd1 Qe4 27. h3
Nf3+ 28. Kf1 Ng5 29. Qg4 Qh1+ 30. Ke2 Re8+ 31. Kd3 Qd5+ 32. Nd4 h5 33. Qf4 Re4 0-1

[Event "World Rapid Women 2018"]
[Site "St Petersburg RUS"]
[Date "2018.12.27"]
[Round "6.49"]
[White "Belova, Olga"]
[Black "Arutyunova, Diana"]
[Result "1-0"]
[WhiteTitle "WFM"]
[BlackTitle "WGM"]
[WhiteElo "2069"]
[BlackElo "2227"]
[WhiteFideId "4138422"]
[BlackFideId "14107244"]
[EventDate "2018.12.26"]

1. e4 d6 2. d4 Nf6 3. Nc3 c6 4. f3 Qa5 5. Be3 e5 6. Qd2 Be7 7. g4 O-O 8. Nge2
exd4 9. Nxd4 d5 10. Nb3 Qc7 11. g5 Nfd7 12. exd5 Rd8 13. O-O-O Nb6 14. Bf4 Bd6
15. Bxd6 Qxd6 16. dxc6 Qxd2+ 17. Rxd2 Rxd2 18. Nxd2 Nxc6 19. Bd3 Bd7 20. Re1 Nd4
21. Be4 Re8 22. Rd1 Nc6 23. Nb3 Bc8 24. h4 Nd7 25. Nb5 Ndb8 26. Nd6 Rd8 27. Nxc8
Rxc8 28. Nd4 Kf8 29. Nf5 Rc7 30. Nd6 Rd7 31. Nb5 Rxd1+ 32. Kxd1 Ke7 33. Kd2 a6
34. Nc3 Kd6 35. Ke3 Nd8 36. a4 Nd7 37. b4 Ne5 38. f4 Nc4+ 39. Kd4 Nb6 40. a5
Ne6+ 41. Ke3 Nc4+ 42. Kd3 Nb2+ 43. Ke3 Nc4+ 44. Kf3 Nd4+ 45. Kg3 b6 46. axb6
Nxb6 47. h5 g6 48. h6 Ke6 49. Kf2 Kd6 50. Ke3 Ne6 51. Bd3 Nc7 52. Ne4+ Ke6 53.
Nc5+ Kd6 54. Nxa6 Nbd5+ 55. Kf3 Nxa6 56. Bxa6 Nxb4 57. Bc4 Nxc2 58. Bxf7 Nd4+
59. Ke4 Ne6 60. Bxg6 Nf8 61. Bf7 Ke7 62. Bg8 Kd6 63. Kf5 Ke7 64. Ke4 Kd6 65. f5
Ke7 66. Kd5 Kd7 67. f6 Ke8 68. Kd6 Kd8 69. f7 Kc8 70. Ke7 Ng6+ 71. Ke8 1-0

[Event "World Rapid Women 2018"]
[Site "St Petersburg RUS"]
[Date "2018.12.27"]
[Round "6.50"]
[White "Smirnova, Ekaterina"]
[Black "Drozdova, Dina"]
[Result "1/2-1/2"]
[WhiteTitle "WFM"]
[BlackTitle "WIM"]
[WhiteElo "2192"]
[BlackElo "2178"]
[WhiteFideId "4110943"]
[BlackFideId "4170695"]
[EventDate "2018.12.26"]

1. d4 Nf6 2. c4 e6 3. Nc3 Bb4 4. a3 Bxc3+ 5. bxc3 d6 6. f3 e5 7. e4 Nbd7 8. Bd3
Nf8 9. Ne2 Ng6 10. O-O O-O 11. f4 Bg4 12. f5 Ne7 13. h3 Bxe2 14. Qxe2 Nd7 15. g4
c5 16. d5 f6 17. g5 fxg5 18. Bxg5 Nf6 19. Kh2 Kh8 20. Rg1 Qe8 21. Rg2 Qf7 22.
Rag1 Rg8 23. Bc2 h6 24. Bh4 Nh5 25. Rf2 Nf4 26. Qf3 g5 27. fxg6 Nexg6 28. Bg3
Raf8 29. Bd1 Qd7 30. Qg4 Qh7 31. Bxf4 Nxf4 32. Qh4 Rxg1 33. Kxg1 Rg8+ 34. Kh2
Qg6 35. Bg4 h5 36. a4 b6 37. Ra2 Qg5 38. Qxg5 Rxg5 39. Bf5 Kg7 40. a5 bxa5 41.
Rxa5 Rg2+ 42. Kh1 Rc2 43. Rxa7+ Kf6 44. h4 Ne2 45. Bd7 Ng3+ 46. Kg1 Nxe4 47. Be8
Kf5 48. Bxh5 Kf4 49. Rf7+ Kg3 50. Rf3+ Kxh4 51. Bg6 Rc1+ 52. Kg2 Rc2+ 53. Kg1
Rc1+ 54. Kg2 Nxc3 55. Rf6 Ne2 56. Rxd6 Rxc4 57. Be8 Rd4 58. Bf7 Nf4+ 59. Kf3 Kg5
60. Rd8 Kf6 61. Bg8 Ke7 62. Rc8 Nxd5 63. Bxd5 Rxd5 64. Ke4 Rd1 65. Kxe5 Rd2 1/2-1/2

[Event "World Rapid Women 2018"]
[Site "St Petersburg RUS"]
[Date "2018.12.27"]
[Round "6.51"]
[White "Loskutova, Viktoriya"]
[Black "Molchanova, Tatjana"]
[Result "0-1"]
[WhiteTitle "WFM"]
[BlackTitle "WGM"]
[WhiteElo "2105"]
[BlackElo "2245"]
[WhiteFideId "34166278"]
[BlackFideId "4132203"]
[EventDate "2018.12.26"]

1. e4 c6 2. d4 d5 3. e5 Bf5 4. h4 h6 5. g4 Bc8 6. h5 e6 7. f4 c5 8. c3 Nc6 9.
Nf3 Qb6 10. Rh2 Bd7 11. Be3 O-O-O 12. Rc2 Kb8 13. Nbd2 f6 14. Kf2 fxe5 15. fxe5
g6 16. hxg6 Nge7 17. Nb3 c4 18. Nc5 Nxg6 19. Nxd7+ Rxd7 20. Rb1 Rf7 21. Kg3
Ncxe5 22. Nxe5 Nxe5 23. Bf4 Rxf4 24. Kxf4 Bd6 25. Ke3 Ng6 26. Rf2 e5 27. Rf6
exd4+ 28. cxd4 Re8+ 29. Kf3 Nh4+ 30. Kf2 Bg3+ 31. Kxg3 Qxf6 32. Bg2 Re3+ 33. Kh2
Qf4+ 34. Kh1 Nxg2 0-1

[Event "World Rapid Women 2018"]
[Site "St Petersburg RUS"]
[Date "2018.12.27"]
[Round "6.52"]
[White "Gvanceladze, Anna"]
[Black "Injac, Teodora"]
[Result "0-1"]
[WhiteTitle "WFM"]
[BlackTitle "WIM"]
[WhiteElo "2264"]
[BlackElo "2325"]
[WhiteFideId "4113721"]
[BlackFideId "932400"]
[EventDate "2018.12.26"]

1. e4 e6 2. Qe2 c5 3. g3 Nc6 4. Nf3 Be7 5. Bg2 d6 6. O-O Nf6 7. c3 O-O 8. d3 Rb8
9. a3 e5 10. b4 b5 11. Nbd2 a5 12. bxa5 Qxa5 13. Bb2 Ba6 14. Nh4 g6 15. f4 Qb6
16. Kh1 c4 17. h3 cxd3 18. Qxd3 Nh5 19. f5 Bxh4 20. gxh4 Qd8 21. Rf3 Nf4 22. Qe3
Qxh4 23. Rg1 Na5 24. Bf1 Nc4 25. Nxc4 bxc4 26. Bc1 Kh8 27. Rg4 Qe7 28. Qg1 Bb7
29. f6 Qxf6 30. Rfxf4 exf4 31. Rxf4 Qe6 32. Qd4+ f6 33. Rh4 d5 34. Bf4 Rbe8 35.
Bh6 Rf7 36. Bg2 dxe4 37. Qe3 Rd7 38. Kh2 g5 39. Rg4 Qe5+ 40. Kg1 Rd1+ 41. Bf1
Bc8 42. Rg3 Be6 43. Qa7 Rd7 44. Qe3 Qf5 45. Bg2 Qg6 46. Bxg5 fxg5 47. Rxg5 Qf6
48. Rh5 Rd1+ 49. Kh2 Bf7 50. Rg5 Rd3 51. Qc5 Qf4+ 52. Kg1 Rd1+ 0-1

[Event "World Rapid Women 2018"]
[Site "St Petersburg RUS"]
[Date "2018.12.27"]
[Round "6.53"]
[White "Nazarova, Anastasia"]
[Black "Dumcheva, Julia"]
[Result "1-0"]
[WhiteTitle "WFM"]
[BlackTitle "WFM"]
[WhiteElo "2157"]
[BlackElo "2168"]
[WhiteFideId "34101737"]
[BlackFideId "24143375"]
[EventDate "2018.12.26"]

1. e4 e6 2. d4 d5 3. Nd2 c5 4. exd5 Qxd5 5. Ngf3 cxd4 6. Bc4 Qd6 7. O-O Nc6 8.
Nb3 a6 9. Nbxd4 Nxd4 10. Nxd4 Qc7 11. Bb3 Bd7 12. Re1 O-O-O 13. Qf3 Nf6 14. Bf4
Bd6 15. Bxd6 Qxd6 16. Rad1 Bc6 17. Nxc6 Qxc6 18. Qg3 h5 19. h3 h4 20. Rxd8+ Rxd8
21. Qxh4 g5 22. Qg3 Rg8 23. Re3 Ne4 24. Qe5 Nc5 25. Rc3 b6 26. Bc4 Kb7 27. Be2
Qa4 28. Bf3+ Kc8 29. Qd6 Rd8 30. Qxb6 1-0

[Event "World Rapid Women 2018"]
[Site "St Petersburg RUS"]
[Date "2018.12.27"]
[Round "6.54"]
[White "Stetsko, Lanita"]
[Black "Petrova, Irina"]
[Result "0-1"]
[WhiteTitle "FM"]
[BlackTitle "WIM"]
[WhiteElo "2194"]
[BlackElo "2124"]
[WhiteFideId "13505300"]
[BlackFideId "14124122"]
[EventDate "2018.12.26"]

1. e4 d6 2. d4 Nf6 3. Nc3 g6 4. Be3 a6 5. Bd3 b5 6. e5 Nfd7 7. Nf3 Bg7 8. exd6
cxd6 9. Be4 Ra7 10. O-O O-O 11. Qd2 Nf6 12. Bd3 Bb7 13. Ng5 Nbd7 14. a4 b4 15.
Nce4 a5 16. c3 bxc3 17. bxc3 h6 18. Nxf6+ Nxf6 19. Nh3 Ng4 20. Rab1 Qa8 21. f3
Nxe3 22. Qxe3 Bc6 23. Bb5 e5 24. Nf2 Re7 25. Qd3 Bxb5 26. Rxb5 Rfe8 27. Ne4 d5
28. Nd6 Rd8 29. dxe5 Bxe5 30. Rxd5 Bxd6 31. Rxd6 Qa7+ 32. Rd4 Rde8 33. h4 Re3
34. Qd2 h5 35. Kh1 Qc7 36. c4 Qg3 37. Qf2 Qe5 38. Re4 Rxe4 39. fxe4 Re7 40. Qf3
Qxe4 41. Qxe4 Rxe4 42. Rc1 Rxh4+ 43. Kg1 Kf8 44. Kf2 Ke7 45. Ke3 Rg4 46. Rc2 Kd6
47. Rd2+ Kc6 48. Rd5 Kb6 49. Rd6+ Kc5 50. Rd5+ Kb4 51. Rd7 Rxc4 52. Rxf7 Kxa4
53. Kd3 Rg4 54. Rf2 Kb3 0-1

[Event "World Rapid Women 2018"]
[Site "St Petersburg RUS"]
[Date "2018.12.27"]
[Round "6.55"]
[White "Shaydullina, Sandugach"]
[Black "Alieva, Alexandra"]
[Result "0-1"]
[WhiteTitle "WGM"]
[BlackTitle "WFM"]
[WhiteElo "2033"]
[BlackElo "2102"]
[WhiteFideId "4140389"]
[BlackFideId "24133353"]
[EventDate "2018.12.26"]

1. d4 Nf6 2. Nf3 g6 3. c4 c5 4. d5 b5 5. cxb5 a6 6. b6 Bg7 7. Nc3 O-O 8. e4 e6
9. Bc4 Qxb6 10. O-O exd5 11. Bxd5 Bb7 12. Bxb7 Qxb7 13. e5 Ng4 14. Bf4 Nc6 15.
Qd5 Qxb2 16. Rac1 Rae8 17. Na4 Qb5 18. Nxc5 Ngxe5 19. Nxe5 Nxe5 20. a4 Qa5 21.
Bd2 Qb6 22. Rb1 Qf6 23. Ne4 Qh4 24. f3 h6 25. Bb4 d6 26. Bxd6 Rd8 27. Rfd1 Rfe8
28. Qc5 Qh5 29. Be7 Rc8 30. Qb4 Rc4 31. Qa3 Rc2 32. Ng3 Nxf3+ 33. Qxf3 Qxf3 34.
gxf3 Rxe7 35. Rb6 a5 36. Rb5 Bc3 37. Ne4 Bb4 38. Rd8+ Kg7 39. Rbb8 f5 40. Rg8+
Kf7 41. Rbf8+ Ke6 42. Rxg6+ Kd5 43. Rxf5+ Kc4 44. Rxh6 Kb3 45. Rd5 Rg7+ 46. Ng3
Rf7 47. Nf5 Kxa4 48. Ra6 Bc5+ 49. Kh1 Rb7 50. Rd1 Rbb2 51. Rh6 Rf2 52. Ng3 Rxf3
53. Ne4 Bb4 54. Rh4 Kb3 55. Ng5 Rff2 56. Rh3+ Ka2 57. Ne4 Rfc2 58. Nf6 Bd6 59.
Ne4 Bxh2 60. Rh5 a4 61. Nc5 a3 62. Nd3 Rb1 63. Rxb1 Kxb1 64. Rb5+ Ka1 65. Ra5
Bd6 66. Ra6 Be7 67. Ra7 Re2 68. Rc7 Re3 69. Rc1+ Ka2 70. Rd1 Kb3 71. Nf4 a2 72.
Nd5 Re2 73. Nf4 Rb2 74. Nd3 Rb1 75. Nc1+ Kc2 76. Nxa2 Rxd1+ 77. Kg2 Ra1 0-1

[Event "World Rapid Women 2018"]
[Site "St Petersburg RUS"]
[Date "2018.12.27"]
[Round "6.56"]
[White "Maroroa, Sue"]
[Black "Shafigullina, Zarina"]
[Result "0-1"]
[WhiteTitle "WIM"]
[BlackTitle "WFM"]
[WhiteElo "2120"]
[BlackElo "2140"]
[WhiteFideId "4301498"]
[BlackFideId "24174220"]
[EventDate "2018.12.26"]

1. e4 c5 2. Nf3 Nc6 3. c3 d5 4. exd5 Qxd5 5. d4 Bg4 6. Be2 Nf6 7. O-O e6 8. Be3
cxd4 9. Nxd4 Bxe2 10. Qxe2 Be7 11. Nb5 Qd8 12. Rd1 Qb8 13. Nd2 Nd5 14. Ne4 O-O
15. Rxd5 exd5 16. Ng3 Qe5 17. Qf3 Bg5 18. Bc5 Rfe8 19. h3 b6 20. Bd6 Qe6 21. Ba3
Qd7 22. Nd6 Re5 23. Rd1 Qe6 24. Kh2 g6 25. Nb5 Rd8 26. c4 Qf6 0-1

[Event "World Rapid Women 2018"]
[Site "St Petersburg RUS"]
[Date "2018.12.27"]
[Round "6.57"]
[White "Semenova, Elena1"]
[Black "Fominykh, Maria"]
[Result "0-1"]
[WhiteTitle "WIM"]
[BlackTitle "WGM"]
[WhiteElo "2260"]
[BlackElo "2259"]
[WhiteFideId "24125148"]
[BlackFideId "4142411"]
[EventDate "2018.12.26"]

1. e4 g6 2. d4 Bg7 3. Nc3 d6 4. f4 a6 5. Nf3 b5 6. Bd3 Nd7 7. e5 c5 8. Be4 Rb8
9. O-O Nh6 10. dxc5 Nxc5 11. Bc6+ Bd7 12. Bxd7+ Qxd7 13. exd6 Qxd6 14. Qxd6 exd6
15. Re1+ Kd7 16. Be3 b4 17. Nd5 Ne6 18. Bd2 a5 19. Rad1 Bxb2 20. Ng5 Bd4+ 21.
Kf1 Rhc8 22. Be3 Bxe3 23. Nxe3 Nxf4 24. Rd2 Rc3 25. g3 Re8 26. Nd1 Rxe1+ 27.
Kxe1 Rc4 28. gxf4 Rxf4 29. Nf2 Nf5 30. Nxh7 Nh4 31. Rd3 Nf3+ 32. Ke2 Ne5 33. Rd5
Rc4 34. Kd2 Rh4 35. Nf6+ Ke6 36. N2e4 Rxe4 37. Nxe4 Kxd5 38. Ng5 f6 39. Nh7 Ke6
40. Ke3 Kf7 0-1

[Event "World Rapid Women 2018"]
[Site "St Petersburg RUS"]
[Date "2018.12.27"]
[Round "6.58"]
[White "Aseeva, Marina"]
[Black "Kirchei, Viktoriia"]
[Result "1-0"]
[WhiteElo "2173"]
[BlackElo "1972"]
[WhiteFideId "4110544"]
[BlackFideId "34133396"]
[EventDate "2018.12.26"]

1. e4 c5 2. Nf3 Nc6 3. d4 cxd4 4. Nxd4 g6 5. c4 Bg7 6. Be3 d6 7. Nc3 Nf6 8. f3
O-O 9. Qd2 Bd7 10. Rc1 Nxd4 11. Bxd4 Bc6 12. Be2 b6 13. O-O Qd7 14. b3 e6 15.
Rfd1 Rad8 16. Be3 Rfe8 17. Bf4 d5 18. e5 Nh5 19. Bg5 f6 20. exf6 Nxf6 21. Bh6 d4
22. Nb1 e5 23. Bxg7 Kxg7 24. Bd3 e4 25. fxe4 Bxe4 26. h3 Qc7 27. Qf2 Bxd3 28.
Rxd3 Ne4 29. Qh4 Qe7 30. Qxe7+ Rxe7 31. Re1 Rdd7 32. Nd2 Nxd2 33. Rxe7+ Rxe7 34.
Rxd2 Rd7 35. Kf2 Kf6 36. Ke2 Ke5 37. Kd3 Kf4 38. Re2 Kg3 39. b4 Rd8 40. c5 bxc5
41. bxc5 Kf4 42. Re4+ Kf5 43. Rxd4 Rc8 44. Kc4 Ke5 45. Rd7 Rf8 46. Re7+ Kf6 47.
Rxh7 a6 48. Rd7 Rc8 49. Rd6+ 1-0

[Event "World Rapid Women 2018"]
[Site "St Petersburg RUS"]
[Date "2018.12.27"]
[Round "6.59"]
[White "Bezgodova, Svetlana"]
[Black "Bulatova, Kamaliya"]
[Result "1/2-1/2"]
[WhiteTitle "WIM"]
[BlackTitle "WFM"]
[WhiteElo "2046"]
[BlackElo "2007"]
[WhiteFideId "4110650"]
[BlackFideId "34111546"]
[EventDate "2018.12.26"]

1. Nf3 Nf6 2. g3 d5 3. Bg2 c5 4. O-O e6 5. d4 cxd4 6. Nxd4 e5 7. Nb3 Be6 8. c4
Nc6 9. cxd5 Nxd5 10. Nc3 Nxc3 11. bxc3 Qc7 12. Be3 Rd8 13. Qb1 b6 14. a4 Be7 15.
a5 O-O 16. axb6 axb6 17. Ra6 Rb8 18. Nd2 Bd8 19. Qe4 Ne7 20. c4 Bc8 21. Ra2 Bb7
22. Qg4 f5 23. Qh3 Rf6 24. Bg5 Bxg2 25. Qxg2 Rd6 26. Rfa1 h6 27. Ra7 Qc8 28.
Bxe7 Rxd2 29. Bxd8 Qxd8 30. Qf3 Qf6 31. Ra8 Rbd8 32. Rxd8+ Rxd8 33. Qb7 Kh7 34.
Ra6 Rd6 35. Kg2 Qe6 36. Ra7 Qf6 37. e3 e4 38. Ra8 Rd2 39. Qc8 Qf7 40. Qh8+ Kg6
41. Rc8 Qd7 42. Rb8 Rxf2+ 43. Kxf2 Qd2+ 44. Kf1 Qd1+ 1/2-1/2

[Event "World Rapid Women 2018"]
[Site "St Petersburg RUS"]
[Date "2018.12.27"]
[Round "6.60"]
[White "Tomashevskaya, Lidia"]
[Black "Kosteniuk, Oksana"]
[Result "1-0"]
[WhiteTitle "WIM"]
[BlackTitle "WFM"]
[WhiteElo "2123"]
[BlackElo "2096"]
[WhiteFideId "4113110"]
[BlackFideId "4187725"]
[EventDate "2018.12.26"]

1. e4 d5 2. exd5 Qxd5 3. Nc3 Qd6 4. d4 Nf6 5. Nf3 Bg4 6. Be2 a6 7. h3 Bh5 8. O-O
e6 9. Ne5 Bxe2 10. Nxe2 Nbd7 11. Bf4 Nxe5 12. Bxe5 Qe7 13. c4 O-O-O 14. Qc2 Nd7
15. Bg3 e5 16. c5 exd4 17. c6 Nb6 18. cxb7+ Kxb7 19. Rac1 d3 20. Qc6+ Ka7 21.
Bxc7 Qe6 22. Bxb6+ 1-0